000 00561cam a2200205 4500
001 D4063
008 090401t1984 xxu||||| |||| 00| 0 eng d
035 _a(Sirsi) u76389
041 _aeng
050 _a690.22
100 _aGifford, A.P.
245 _aRole of the designer in the safety of maintenance operations
260 _aAscot, Berks
_bChartered Institute of Building
_c1984
300 _a7p. ill. 30cm
350 _a0
490 _aTechnical Information Service
_pMaintenance
_v42
520 _aCaption title
942 _n0
948 _c04/03/1997
999 _c96166
_d96166